| 000 -LEADER |
| fixed length control field |
01684nam a22001577a 4500 |
| 008 - FIXED-LENGTH DATA ELEMENTS--GENERAL INFORMATION |
| fixed length control field |
220120b ||||| |||| 00| 0 eng d |
| 100 ## - MAIN ENTRY--PERSONAL NAME |
| Personal name |
Devi, P. S. and Sudarsan, P. K. |
| 245 ## - TITLE STATEMENT |
| Title |
Determinants of migration to Goa, India: A gravity model analysis |
| 260 ## - PUBLICATION, DISTRIBUTION, ETC. (IMPRINT) |
| Place of publication, distribution, etc |
The Indian Journal of Labour Economics |
| 300 ## - PHYSICAL DESCRIPTION |
| Extent |
64(2), Apr-Jun, 2021: p.485-498 |
| 520 ## - SUMMARY, ETC. |
| Summary, etc |
In India, the volume of internal migration is increasing rapidly after remaining stagnant at around 30% of the total population up to 2001. However, the volume of inter-state migration is substantially lower than that of intra-state migration. In the case of Goa, compared to other states, the proportion of inter-state migration is relatively higher. The main objective of this paper is to study the variables that influence the movement of migrants from other states to Goa. Through a gravity model framework, determinants such as density of population, distance, per capita NSDP, literacy and their role in migration are examined. Individual motivations for migration are also studied within a push–pull framework. It is observed from the results of the gravity models that while population density positively affects out-migration, distance and per capita NSDP of the source state have a negative effect. While economic factors dominate in both push and pull factors, the growing role of social factors in the choice of destination reflects the growing importance of networks in certain forms of employment. – Reproduced |
| 650 ## - SUBJECT ADDED ENTRY--TOPICAL TERM |
| Topical term or geographic name as entry element |
Inter-state migration,Goa, Gravity model, Push–pull factors |
| 9 (RLIN) |
29178 |
| 773 ## - HOST ITEM ENTRY |
| Main entry heading |
The Indian Journal of Labour Economics |
| 906 ## - LOCAL DATA ELEMENT F, LDF (RLIN) |
| Subject DIP |
MIGRATION |
| 942 ## - ADDED ENTRY ELEMENTS (KOHA) |
| Item type |
Articles |